| 000 | 01013nam a2200265 i 4500 | ||
|---|---|---|---|
| 001 | bg | ||
| 003 | BPK | ||
| 005 | 20190319083109.0 | ||
| 008 | 080625s2008 pl a |000 0 pol | ||
| 015 | _aPB 16700/2008 | ||
| 020 | _a9788372995469 | ||
| 040 | _cBPK | ||
| 041 | _apol | ||
| 044 | _aPOL | ||
| 080 | _a711.1:005 | ||
| 245 | 0 | 0 |
_aZarządzanie przestrzenne : _bteoretyczne i praktyczne aspekty prognozowania finansowych skutków opracowań planistycznych / _cpod red. Tomasza Bajerowskiego. |
| 260 |
_aOlsztyn : _bWydawnictwo Uniwersytetu Warmińsko-Mazurskiego, _ccop. 2008. |
||
| 300 |
_a295, [1] s. : _bil. ; _c24 cm. |
||
| 504 | _aBibliogr. s. 293-[296]. | ||
| 650 | 4 |
_aPlanowanie przestrzenne _xzarządzanie _xmetody |
|
| 700 | 1 |
_aBajerowski, Tomasz. _eAutor _eRedakcja |
|
| 942 |
_cKS _2UKD |
||
| 856 |
_uhttp://koha.tu.koszalin.pl/cgi-bin/koha/opac-detail.pl?biblionumber=55766 _yKatalog online BPK |
||
| 999 |
_c55766 _d55766 |
||